00574nam a2200181 a 45000010010000000030011000100080041000210350026000620820014000881000028001022450043001302600034001736500023002079420012002309520098002429980037003409990015003770000-8942ELIB.Books110520 1985  a(ELIB.Books)0000-9090 a230 bDru aDrummond, Richard Henry aToward a New Age in Christian Theology bMaryknoll: Orbis Books c1985 aChristian Theology 2ddccBK 00102ddc4070aKBTSbKBTSd2011-05-20l0p12369, 10216r2022-01-22 00:00:00w2022-01-22yBK cbate2011-05-20mcatu2018-12-06 c8942d8942